000 00521nam a22001937a 4500
005 20260515114914.0
008 220207b ||||| |||| 00| 0 eng d
020 _a9788193802250
040 _aIN-DiNC
_cIN-DiNC
041 _dhin
082 _a891.43
_bDUB
100 _aDubey, Abhay Kumar
_eauthor
245 _aSahitya me anamantrit/
_cBy Abhay Kumar Dubey
250 _a1st ed.
260 _aNew Delhi:
_bSasta sahitya mandal prakashan,
_c2018
300 _a406p.
650 _aHindi literature
942 _2ddc
_cBK
999 _c11252
_d11252